Associer définition et pays #4 Afrique - Statistiques

Statistiques générales
  • Ce quiz a été pris 353 fois
  • Le résultat moyen est 9 sur 14
Statistiques - réponses
Hint Réponse % Correct
Pays où les pyramides défient le désert depuis des millénaires, où le Nil est une artère de vie et où les pharaons sont toujours des légendes vivantes. Égypte
87%
Terre des souks parfumés, des riads cachés et des montagnes de l’Atlas, où le thé à la menthe est une tradition sacrée. Maroc
81%
Nation où les safaris vous rapprochent des “Big Five”, où l’histoire de Mandela inspire toujours, et où deux océans s’embrassent sous le soleil africain. Afrique du Sud
75%
Pays où le désert du Namib danse avec l’océan Atlantique, où les dunes rouges s’étendent à l’infini et où les safaris révèlent des éléphants et des oryx majestueux. Namibie
74%
Île où la nature règne en maître avec ses baobabs, ses lémuriens dansants et ses paysages à couper le souffle entre forêts et plages. Madagascar
71%
Archipel paradisiaque où les plages sont d’une blancheur immaculée, les tortues centenaires voguent paisiblement, et où le luxe se conjugue avec la nature. Seychelles
71%
Terre où les plaines du Serengeti accueillent la grande migration, où le Kilimandjaro touche les nuages et où Zanzibar invite au paradis. Tanzanie
71%
Pays d’immensités sahariennes, de palmiers et d’oasis, où le couscous est une fierté nationale et où l’histoire romaine et berbère se croisent. Algérie
68%
Petit archipel au large de l’Afrique, où les plages volcaniques côtoient la musique morna et où la simplicité est un véritable art de vivre. Cap-Vert
64%
Pays où les plages méditerranéennes s’étendent à perte de vue, où Carthage murmure l’histoire antique et où les épices parfument chaque plat. Tunisie
64%
Pays de la Teranga (hospitalité), où les griots chantent l’histoire et où le soleil se couche majestueusement sur l’océan Atlantique. Sénégal
60%
Pays des hauts plateaux et des églises creusées dans la roche, où le café a ses origines et où les traditions sont aussi riches que les paysages. Éthiopie
53%
Terre des chutes Victoria rugissantes, où le Zambèze sculpte les paysages et où la faune sauvage invite à l’émerveillement à chaque tournant. Zambie
53%
Terre où le Nil Blanc et le Nil Bleu se rencontrent, où les pyramides de Meroe témoignent d’un glorieux passé et où le désert est infini. Soudan
45%
Aucun quiz correspondant
Distribution des résultats
% des personnes avec chaque résultat
Percentile par nombre de réponses
Votre historique - résultats
Vous n’avez pas pris ce quiz